[Event "La Pobla de Lillet op"]
[Site "La Pobla de Lillet ESP"]
[Date "2013.08.07"]
[Round "6.8"]
[White "Bautista Sanchez, J.."]
[Black "Macaya Ruiz, A.."]
[Result "1-0"]
[WhiteElo "2185"]
[BlackElo "2096"]
[PlyCount "93"]
[EventDate "2013.08.02"]
[EventType "swiss"]
[EventRounds "9"]
[EventCountry "ESP"]
[SourceTitle "Ajedrez en Madrid"]
[Source "lmi"]
[SourceDate "2020.06.24"]
[SourceVersion "1"]
[SourceVersionDate "2020.06.25"]
[SourceQuality "1"]

1. Nf3 d5 2. c4 e6 3. e3 c5 4. d4 Nc6 5. Nc3 Nf6 6. Bd3 cxd4 7. exd4 Nb4 8. c5
Nxd3+ 9. Qxd3 Bd7 10. Ne5 Ne4 11. Nxd7 Qxd7 12. Nxe4 dxe4 13. Qxe4 O-O-O 14.
Be3 Be7 15. O-O Qd5 16. Qc2 Bf6 17. Qa4 Kb8 18. Rfd1 h5 19. Rac1 Qc6 20. Qxc6
bxc6 21. Bf4+ Kb7 22. Bd6 Rd7 23. Rc4 Rhd8 24. Rd3 Ka8 25. f4 g6 26. Kf2 Rb7
27. b3 Rdd7 28. Ra4 Rb5 29. Ke2 Bd8 30. b4 Rdb7 31. Ra6 Bc7 32. Rxc6 Bxd6 33.
Rxd6 Rxb4 34. Rd8+ Rb8 35. Rxb8+ Rxb8 36. Rb3 Rc8 37. Kd3 Rc6 38. a4 Ra6 39.
Rb4 f5 40. h4 Rc6 41. Kc4 Rc8 42. d5 exd5+ 43. Kxd5 Rd8+ 44. Kc6 Rf8 45. Kd7
Rf7+ 46. Ke6 Rf8 47. c6 1-0

[Event "La Pobla de Lillet op"]
[Site "La Pobla de Lillet ESP"]
[Date "2013.08.07"]
[Round "6.9"]
[White "Prats Rodriguez, JB.."]
[Black "Triadu Cassa, J.."]
[Result "1/2-1/2"]
[WhiteElo "2031"]
[BlackElo "2167"]
[PlyCount "44"]
[EventDate "2013.08.02"]
[EventType "swiss"]
[EventRounds "9"]
[EventCountry "ESP"]
[SourceTitle "Ajedrez en Madrid"]
[Source "lmi"]
[SourceDate "2020.06.24"]
[SourceVersion "1"]
[SourceVersionDate "2020.06.25"]
[SourceQuality "1"]

1. e4 e5 2. Nf3 Nc6 3. d4 exd4 4. Nxd4 Nf6 5. Nxc6 bxc6 6. e5 Qe7 7. Qe2 Nd5 8.
c4 Nb6 9. Nc3 Qe6 10. Qe4 g6 11. f4 Bg7 12. c5 Nd5 13. Bc4 Bb7 14. Be3 O-O 15.
Rd1 Nxc3 16. bxc3 Qe7 17. O-O Rad8 18. Qd3 Kh8 19. Bd4 f6 20. exf6 Bxf6 21.
Rde1 Qg7 22. Qe3 d5 1/2-1/2

[Event "La Pobla de Lillet op"]
[Site "La Pobla de Lillet ESP"]
[Date "2013.08.07"]
[Round "6.10"]
[White "Moya Arau, C.."]
[Black "Menac Comas, JR.."]
[Result "1/2-1/2"]
[WhiteElo "2018"]
[BlackElo "2162"]
[PlyCount "38"]
[EventDate "2013.08.02"]
[EventType "swiss"]
[EventRounds "9"]
[EventCountry "ESP"]
[SourceTitle "Ajedrez en Madrid"]
[Source "lmi"]
[SourceDate "2020.06.24"]
[SourceVersion "1"]
[SourceVersionDate "2020.06.25"]
[SourceQuality "1"]

1. e4 g6 2. Nc3 Bg7 3. f4 c6 4. Nf3 Qb6 5. Bc4 d6 6. d3 Nh6 7. Bb3 Bg4 8. h3
Bxf3 9. Qxf3 Nd7 10. Be3 Nc5 11. O-O Qc7 12. f5 Nxb3 13. axb3 O-O 14. Qg3 Kh8
15. Ne2 Qd7 16. Qh4 Ng8 17. fxg6 fxg6 18. Nf4 Bf6 19. Qg3 Bxb2 1/2-1/2

[Event "La Pobla de Lillet op"]
[Site "La Pobla de Lillet ESP"]
[Date "2013.08.07"]
[Round "6.13"]
[White "Prats Cabaces, L.."]
[Black "Travesset Barba, J.."]
[Result "0-1"]
[WhiteElo "1937"]
[BlackElo "2074"]
[PlyCount "54"]
[EventDate "2013.08.02"]
[EventType "swiss"]
[EventRounds "9"]
[EventCountry "ESP"]
[SourceTitle "Ajedrez en Madrid"]
[Source "lmi"]
[SourceDate "2020.06.24"]
[SourceVersion "1"]
[SourceVersionDate "2020.06.25"]
[SourceQuality "1"]

1. e4 d5 2. exd5 Nf6 3. d4 Nxd5 4. c4 Nb6 5. Nc3 e5 6. Be3 exd4 7. Qxd4 Qxd4 8.
Bxd4 Nc6 9. Nf3 Nxd4 10. Nxd4 Bd7 11. Be2 Bb4 12. O-O Bxc3 13. bxc3 Na4 14.
Rab1 Nc5 15. Bf3 O-O-O 16. Nb3 Nxb3 17. Rxb3 c6 18. a3 Be6 19. Rb4 Rhe8 20. h3
Bf5 21. Kh2 Rd3 22. Rc1 Rd2 23. Kg1 Ra2 24. a4 a5 25. Rb3 Kc7 26. c5 Re5 27. c4
Bc2 0-1

[Event "La Pobla de Lillet op"]
[Site "La Pobla de Lillet ESP"]
[Date "2013.08.07"]
[Round "6.20"]
[White "Capelles Prat, R.."]
[Black "Garcia Galeote, L.."]
[Result "1-0"]
[WhiteElo "1902"]
[BlackElo "2009"]
[PlyCount "67"]
[EventDate "2013.08.02"]
[EventType "swiss"]
[EventRounds "9"]
[EventCountry "ESP"]
[SourceTitle "Ajedrez en Madrid"]
[Source "lmi"]
[SourceDate "2020.06.24"]
[SourceVersion "1"]
[SourceVersionDate "2020.06.25"]
[SourceQuality "1"]

1. d4 e6 2. e4 b6 3. Nf3 Bb7 4. Nc3 d6 5. g3 Nd7 6. Bg2 g6 7. O-O Bg7 8. Re1
Ne7 9. Be3 h6 10. Qd2 a6 11. Rad1 Kf8 12. d5 e5 13. h3 Kg8 14. Nh2 f5 15. f3
Kh7 16. f4 fxe4 17. Bxe4 Nf6 18. Bf3 exf4 19. Bxf4 Re8 20. Ng4 h5 21. Nxf6+
Bxf6 22. g4 h4 23. Ne4 Ng8 24. Ng5+ Bxg5 25. Bxg5 Qd7 26. Bxh4 Rxe1+ 27. Rxe1
Re8 28. Rxe8 Qxe8 29. Qg5 Qf7 30. Kg2 b5 31. Bf2 Nf6 32. Bd4 Kg7 33. Qh4 Bxd5
34. Qxf6+ 1-0

[Event "La Pobla de Lillet op"]
[Site "La Pobla de Lillet ESP"]
[Date "2013.08.08"]
[Round "7.1"]
[White "Gomez Jurado, LA.."]
[Black "Mestre Bellido, H.."]
[Result "1/2-1/2"]
[WhiteElo "2297"]
[BlackElo "2312"]
[PlyCount "50"]
[EventDate "2013.08.02"]
[EventType "swiss"]
[EventRounds "9"]
[EventCountry "ESP"]
[SourceTitle "Ajedrez en Madrid"]
[Source "lmi"]
[SourceDate "2020.06.24"]
[SourceVersion "1"]
[SourceVersionDate "2020.06.25"]
[SourceQuality "1"]

1. c4 e5 2. g3 Nc6 3. Nc3 g6 4. Bg2 Bg7 5. e4 d6 6. Nge2 Nge7 7. d3 Nd4 8. Nxd4
exd4 9. Ne2 O-O 10. O-O Kh8 11. b4 f5 12. Bb2 c5 13. bxc5 dxc5 14. exf5 Bxf5
15. Nf4 Qd6 16. Rb1 Nc6 17. Bc1 b6 18. Nd5 Qd7 19. Bf4 Be5 20. Bxe5+ Nxe5 21.
f4 Nc6 22. Qd2 Rae8 23. Rbe1 Be6 24. Rf2 Ne7 25. Nxe7 Rxe7 1/2-1/2

[Event "La Pobla de Lillet op"]
[Site "La Pobla de Lillet ESP"]
[Date "2013.08.08"]
[Round "7.2"]
[White "Movsziszian, K.."]
[Black "Kovacevic, S.."]
[Result "1-0"]
[WhiteElo "2502"]
[BlackElo "2337"]
[PlyCount "41"]
[EventDate "2013.08.02"]
[EventType "swiss"]
[EventRounds "9"]
[EventCountry "ESP"]
[SourceTitle "Ajedrez en Madrid"]
[Source "lmi"]
[SourceDate "2020.06.24"]
[SourceVersion "1"]
[SourceVersionDate "2020.06.25"]
[SourceQuality "1"]

1. g3 c5 2. Bg2 Nc6 3. d3 d5 4. Nd2 Nf6 5. e4 g6 6. Ngf3 Bg7 7. O-O O-O 8. c3
e6 9. e5 Ng4 10. d4 cxd4 11. cxd4 Nh6 12. Nb3 f6 13. exf6 Qxf6 14. Bg5 Qf5 15.
Qd2 Nf7 16. Bf4 a5 17. a4 Bf6 18. Bc7 Be7 19. Nxa5 Nxa5 20. Bxa5 g5 21. Bb4 1-0

[Event "La Pobla de Lillet op"]
[Site "La Pobla de Lillet ESP"]
[Date "2013.08.08"]
[Round "7.3"]
[White "Ayza Ballester, J.."]
[Black "Maes, W.."]
[Result "1/2-1/2"]
[WhiteElo "2217"]
[BlackElo "2264"]
[PlyCount "81"]
[EventDate "2013.08.02"]
[EventType "swiss"]
[EventRounds "9"]
[EventCountry "ESP"]
[SourceTitle "Ajedrez en Madrid"]
[Source "lmi"]
[SourceDate "2020.06.24"]
[SourceVersion "1"]
[SourceVersionDate "2020.06.25"]
[SourceQuality "1"]

1. e4 c5 2. Nf3 e6 3. d4 cxd4 4. Nxd4 a6 5. Nc3 Qc7 6. Bd3 Nf6 7. O-O Bc5 8.
Nb3 Be7 9. f4 d6 10. Qf3 Nbd7 11. Kh1 b5 12. a3 Bb7 13. Bd2 Rc8 14. Rae1 O-O
15. Qh3 g6 16. f5 exf5 17. exf5 Ne5 18. Bg5 Qd8 19. Nd4 Nh5 20. Bxe7 Qxe7 21.
Be4 Rc4 22. Bxb7 Qxb7 23. Rd1 Re8 24. fxg6 hxg6 25. Nf5 gxf5 26. Qxh5 Re6 27.
Rxf5 Rg4 28. Rg5+ Rxg5 29. Qxg5+ Rg6 30. Qd2 Nc4 31. Qf2 Nxb2 32. Re1 Qc6 33.
Ne4 d5 34. Nc5 d4 35. Rf1 Qd5 36. Nd3 Nxd3 37. cxd3 Kg7 38. h3 Kg8 39. Rc1 Kg7
40. Re1 Rf6 41. Qg3+ 1/2-1/2

[Event "La Pobla de Lillet op"]
[Site "La Pobla de Lillet ESP"]
[Date "2013.08.08"]
[Round "7.4"]
[White "Vinardell Cruañas, S.."]
[Black "Capellades Subirana, M.."]
[Result "1/2-1/2"]
[WhiteElo "2165"]
[BlackElo "2250"]
[PlyCount "43"]
[EventDate "2013.08.02"]
[EventType "swiss"]
[EventRounds "9"]
[EventCountry "ESP"]
[SourceTitle "Ajedrez en Madrid"]
[Source "lmi"]
[SourceDate "2020.06.24"]
[SourceVersion "1"]
[SourceVersionDate "2020.06.25"]
[SourceQuality "1"]

1. e4 e5 2. Nf3 Nc6 3. Bb5 a6 4. Ba4 Nf6 5. O-O d6 6. c3 Bd7 7. d4 Be7 8. Re1
O-O 9. Nbd2 b5 10. Bc2 Bg4 11. h3 Bh5 12. d5 Nb8 13. a4 Nbd7 14. Qe2 Rb8 15.
Nb3 bxa4 16. Na5 Nc5 17. Nc6 Qd7 18. Bxa4 Nxa4 19. Rxa4 Ra8 20. b4 Kh8 21. Kh2
Bg6 22. Nd2 1/2-1/2

[Event "La Pobla de Lillet op"]
[Site "La Pobla de Lillet ESP"]
[Date "2013.08.08"]
[Round "7.5"]
[White "Herreros Fernandez, M.."]
[Black "Asensio Liñan, T.."]
[Result "0-1"]
[WhiteElo "2242"]
[BlackElo "2158"]
[PlyCount "82"]
[EventDate "2013.08.02"]
[EventType "swiss"]
[EventRounds "9"]
[EventCountry "ESP"]
[SourceTitle "Ajedrez en Madrid"]
[Source "lmi"]
[SourceDate "2020.06.24"]
[SourceVersion "1"]
[SourceVersionDate "2020.06.25"]
[SourceQuality "1"]

1. Nf3 Nf6 2. d4 e6 3. c4 c5 4. e3 a6 5. Nc3 Qc7 6. Bd3 b6 7. O-O Be7 8. b3 O-O
9. Bb2 cxd4 10. Nxd4 Nc6 11. Rc1 Ne5 12. Be2 Bb7 13. f4 Ng6 14. Bf3 Rad8 15.
Kh1 Nh4 16. Bxb7 Qxb7 17. Qe2 d5 18. cxd5 Nxd5 19. Nxd5 Rxd5 20. Nc6 Bc5 21. e4
Rd6 22. Ne5 f5 23. Nc4 Rdd8 24. Qe1 Ng6 25. exf5 exf5 26. Qg3 Bd4 27. Ba3 Rfe8
28. Nd6 Rxd6 29. Bxd6 Qd5 30. Be5 Bxe5 31. fxe5 f4 32. Qf3 Qxe5 33. Qc3 Qg5 34.
Qc4+ Kh8 35. Qe6 Qd8 36. Rfd1 Qb8 37. Qd6 Re1+ 38. Rxe1 Qxd6 39. Rc8+ Nf8 40.
h3 Kg8 41. Ree8 g5 0-1

[Event "La Pobla de Lillet op"]
[Site "La Pobla de Lillet ESP"]
[Date "2013.08.08"]
[Round "7.6"]
[White "Triadu Cassa, J.."]
[Black "Simon Padros, E.."]
[Result "1/2-1/2"]
[WhiteElo "2167"]
[BlackElo "2221"]
[PlyCount "67"]
[EventDate "2013.08.02"]
[EventType "swiss"]
[EventRounds "9"]
[EventCountry "ESP"]
[SourceTitle "Ajedrez en Madrid"]
[Source "lmi"]
[SourceDate "2020.06.24"]
[SourceVersion "1"]
[SourceVersionDate "2020.06.25"]
[SourceQuality "1"]

1. e4 e6 2. d4 d5 3. Nc3 Bb4 4. e5 c5 5. a3 Bxc3+ 6. bxc3 Qc7 7. Nf3 Ne7 8. a4
b6 9. Bb5+ Bd7 10. Bd3 Nbc6 11. O-O h6 12. Re1 O-O 13. Ba3 Na5 14. dxc5 bxc5
15. Nd2 f5 16. exf6 Rxf6 17. c4 Nf5 18. Bb2 Rf7 19. Be5 Qd8 20. Qg4 Qf8 21. Qg6
Nc6 22. f4 Nb4 23. a5 Nxd3 24. cxd3 Ne7 25. Qg3 Nc6 26. Nf3 Nb4 27. Red1 d4 28.
Rd2 Rc8 29. h3 Rc6 30. Nh2 Be8 31. Ng4 Kh7 32. Nf2 Rd7 33. Ne4 Bg6 34. Rf2
1/2-1/2

[Event "La Pobla de Lillet op"]
[Site "La Pobla de Lillet ESP"]
[Date "2013.08.08"]
[Round "7.7"]
[White "Tarrago Antoni, M.."]
[Black "Prats Rodriguez, JB.."]
[Result "1-0"]
[WhiteElo "2251"]
[BlackElo "2031"]
[PlyCount "123"]
[EventDate "2013.08.02"]
[EventType "swiss"]
[EventRounds "9"]
[EventCountry "ESP"]
[SourceTitle "Ajedrez en Madrid"]
[Source "lmi"]
[SourceDate "2020.06.24"]
[SourceVersion "1"]
[SourceVersionDate "2020.06.25"]
[SourceQuality "1"]

1. Nf3 c5 2. e4 Nc6 3. c3 d5 4. exd5 Qxd5 5. d4 Bg4 6. Be2 e6 7. Na3 Nf6 8. Be3
cxd4 9. Nb5 Rc8 10. Nbxd4 Bc5 11. O-O O-O 12. Nxc6 Rxc6 13. Qxd5 Nxd5 14. Bxc5
Rxc5 15. Rfd1 Nf4 16. Kf1 Nxe2 17. Kxe2 Re5+ 18. Kf1 Bxf3 19. gxf3 Rd5 20. Rxd5
exd5 21. Rd1 Rd8 22. Ke2 Kf8 23. Kd3 Ke7 24. Kd4 Rd6 25. Re1+ Kd7 26. Rg1 g6
27. Re1 Kc6 28. Re8 Rf6 29. Ke3 Rf5 30. Re7 a6 31. a4 Rh5 32. Rxf7 Rxh2 33. b4
Rh1 34. f4 Re1+ 35. Kd2 Rh1 36. Rf6+ Kc7 37. Ke3 Rh5 38. Rf7+ Kc6 39. Rf6+ Kc7
40. Kd4 b6 41. Rf7+ Kc6 42. Ra7 Rh2 43. Ke3 h5 44. Rg7 Rg2 45. f5 g5 46. Rg6+
Kc7 47. a5 bxa5 48. bxa5 Rg4 49. Rxa6 Rf4 50. Rh6 h4 51. f6 Kb7 52. Rh5 Rxf6
53. Rxg5 Rh6 54. Rxd5 h3 55. Rd1 h2 56. Rh1 Ka6 57. Kf4 Kxa5 58. Kg3 Kb5 59.
Rxh2 Rc6 60. f4 Rxc3+ 61. Kg4 Kc6 62. Rd2 1-0

[Event "La Pobla de Lillet op"]
[Site "La Pobla de Lillet ESP"]
[Date "2013.08.08"]
[Round "7.8"]
[White "Menac Comas, JR.."]
[Black "Van Briemen, WJ.."]
[Result "1/2-1/2"]
[WhiteElo "2162"]
[BlackElo "2023"]
[PlyCount "31"]
[EventDate "2013.08.02"]
[EventType "swiss"]
[EventRounds "9"]
[EventCountry "ESP"]
[SourceTitle "Ajedrez en Madrid"]
[Source "lmi"]
[SourceDate "2020.06.24"]
[SourceVersion "1"]
[SourceVersionDate "2020.06.25"]
[SourceQuality "1"]

1. c4 Nf6 2. Nc3 e6 3. e4 d5 4. e5 Ne4 5. Nf3 Be7 6. cxd5 exd5 7. Nxe4 dxe4 8.
Qa4+ Bd7 9. Qxe4 Bc6 10. Qg4 O-O 11. Bc4 Bxf3 12. gxf3 Nc6 13. Rg1 g6 14. Qe4
Qd4 15. Rxg6+ hxg6 16. Qxg6+ 1/2-1/2

[Event "La Pobla de Lillet op"]
[Site "La Pobla de Lillet ESP"]
[Date "2013.08.08"]
[Round "7.9"]
[White "Sanpera Bonet, JC.."]
[Black "Riera Sola, L.."]
[Result "1-0"]
[WhiteElo "2131"]
[BlackElo "1970"]
[PlyCount "87"]
[EventDate "2013.08.02"]
[EventType "swiss"]
[EventRounds "9"]
[EventCountry "ESP"]
[SourceTitle "Ajedrez en Madrid"]
[Source "lmi"]
[SourceDate "2020.06.24"]
[SourceVersion "1"]
[SourceVersionDate "2020.06.25"]
[SourceQuality "1"]

1. e4 c5 2. a3 g6 3. b4 Bg7 4. Nc3 d6 5. Nf3 Nf6 6. Rb1 b6 7. e5 dxe5 8. Nxe5
Nd5 9. Bb5+ Kf8 10. Nxf7 Nxc3 11. Nxd8 Nxd1 12. Kxd1 Bd4 13. bxc5 bxc5 14. Bc4
Na6 15. Ne6+ Bxe6 16. Bxe6 Kg7 17. Bc4 Rab8 18. Rxb8 Nxb8 19. Re1 Bf6 20. Re6
Rd8 21. d3 g5 22. Be3 Rc8 23. Kd2 Nd7 24. Bb5 Ne5 25. f4 gxf4 26. Bxf4 Ng6 27.
Bg3 Bg5+ 28. Kc3 Kf7 29. Rc6 Rxc6 30. Bxc6 e5 31. Kc4 Be3 32. Be4 Nf4 33. Bxh7
Kg7 34. Be4 Kf6 35. Bh4+ Ke6 36. Bd8 Kd7 37. Bf6 Kd6 38. Bh4 Ke6 39. Kb5 Ne2
40. c4 Nc3+ 41. Ka6 Bc1 42. Be1 Nxe4 43. dxe4 Bxa3 44. Kxa7 1-0

[Event "La Pobla de Lillet op"]
[Site "La Pobla de Lillet ESP"]
[Date "2013.08.08"]
[Round "7.10"]
[White "Cervello Tost, F.."]
[Black "Tejero Royo, F.."]
[Result "1/2-1/2"]
[WhiteElo "2049"]
[BlackElo "2119"]
[PlyCount "59"]
[EventDate "2013.08.02"]
[EventType "swiss"]
[EventRounds "9"]
[EventCountry "ESP"]
[SourceTitle "Ajedrez en Madrid"]
[Source "lmi"]
[SourceDate "2020.06.24"]
[SourceVersion "1"]
[SourceVersionDate "2020.06.25"]
[SourceQuality "1"]

1. d4 d5 2. g3 Nf6 3. Bg2 g6 4. Nf3 Bg7 5. O-O O-O 6. c4 c6 7. cxd5 cxd5 8. Nc3
e6 9. Bf4 a6 10. Qd2 Nc6 11. Bh6 Ne4 12. Qe3 f5 13. Bxg7 Kxg7 14. Rfd1 Bd7 15.
Ne5 Nxe5 16. dxe5 Nxc3 17. bxc3 Bb5 18. Rac1 Rc8 19. Rd4 h6 20. g4 Qg5 21. gxf5
gxf5 22. f4 Qg4 23. Kf2 Qh4+ 24. Qg3+ Qxg3+ 25. hxg3 Rc5 26. Rb4 Rf7 27. e3
Rfc7 28. Bf1 Bc4 29. Bxc4 Rxc4 30. Rb6 1/2-1/2

[Event "La Pobla de Lillet op"]
[Site "La Pobla de Lillet ESP"]
[Date "2013.08.08"]
[Round "7.11"]
[White "Travesset Barba, J.."]
[Black "Viñals Rioja, J.."]
[Result "1-0"]
[WhiteElo "2074"]
[BlackElo "2020"]
[PlyCount "43"]
[EventDate "2013.08.02"]
[EventType "swiss"]
[EventRounds "9"]
[EventCountry "ESP"]
[SourceTitle "Ajedrez en Madrid"]
[Source "lmi"]
[SourceDate "2020.06.24"]
[SourceVersion "1"]
[SourceVersionDate "2020.06.25"]
[SourceQuality "1"]

1. d4 d5 2. c4 c6 3. e3 Nf6 4. Qc2 g6 5. Bd3 Bg7 6. Nf3 O-O 7. O-O dxc4 8. Qxc4
h6 9. Qc2 Kh7 10. Nbd2 Nbd7 11. Nb3 Nd5 12. Bd2 e6 13. e4 Nc7 14. Rad1 e5 15.
Nxe5 Nxe5 16. dxe5 Bxe5 17. f4 Bf6 18. e5 Bh8 19. Bb4 Nd5 20. Bxf8 Qxf8 21. f5
Bxf5 22. Bxf5 1-0

[Event "La Pobla de Lillet op"]
[Site "La Pobla de Lillet ESP"]
[Date "2013.08.08"]
[Round "7.27"]
[White "Garcia Galeote, L.."]
[Black "Begara Rodriguez, D.."]
[Result "1-0"]
[WhiteElo "2009"]
[BlackElo "1549"]
[PlyCount "89"]
[EventDate "2013.08.02"]
[EventType "swiss"]
[EventRounds "9"]
[EventCountry "ESP"]
[SourceTitle "Ajedrez en Madrid"]
[Source "lmi"]
[SourceDate "2020.06.24"]
[SourceVersion "1"]
[SourceVersionDate "2020.06.25"]
[SourceQuality "1"]

1. Nf3 f5 2. d4 Nf6 3. g3 d6 4. Bg2 c6 5. O-O Nbd7 6. c3 g6 7. a4 a5 8. Nbd2
Bg7 9. Ng5 Nb6 10. e4 h6 11. Nh3 fxe4 12. Nf4 Bf5 13. Re1 e5 14. dxe5 dxe5 15.
Ne2 O-O 16. Qb3+ Kh7 17. Nf1 Qc7 18. Be3 Nbd5 19. Bc5 Rfd8 20. c4 b6 21. Ba3
Nb4 22. Bxb4 axb4 23. Qxb4 c5 24. Qb3 Rd3 25. Nc3 Rad8 26. Ne3 Bd7 27. Bf1 Rd2
28. Rad1 Bc6 29. Ncd5 Rxd1 30. Nxc7 Rxe1 31. Qc3 Ra1 32. b3 Ra3 33. Qb2 Rd7 34.
Ncd5 Nxd5 35. cxd5 Bxd5 36. Nxd5 Rxd5 37. Qxa3 h5 38. b4 Bh6 39. Qb3 Rd4 40.
Qf7+ Bg7 41. bxc5 bxc5 42. a5 Ra4 43. a6 Kh6 44. a7 c4 45. Bxc4 1-0

[Event "La Pobla de Lillet op"]
[Site "La Pobla de Lillet ESP"]
[Date "2013.08.09"]
[Round "8.1"]
[White "Asensio Liñan, T.."]
[Black "Gomez Jurado, LA.."]
[Result "0-1"]
[WhiteElo "2158"]
[BlackElo "2297"]
[PlyCount "62"]
[EventDate "2013.08.02"]
[EventType "swiss"]
[EventRounds "9"]
[EventCountry "ESP"]
[SourceTitle "Ajedrez en Madrid"]
[Source "lmi"]
[SourceDate "2020.06.24"]
[SourceVersion "1"]
[SourceVersionDate "2020.06.25"]
[SourceQuality "1"]

1. e4 c5 2. c3 e6 3. d4 d5 4. e5 Nc6 5. Nf3 Qb6 6. Bd3 Bd7 7. O-O cxd4 8. cxd4
Nxd4 9. Nxd4 Qxd4 10. Nc3 a6 11. Qe2 Ne7 12. Kh1 Nc6 13. f4 Nb4 14. Bb1 Qc4 15.
Qxc4 dxc4 16. Be3 Bc6 17. Ne4 O-O-O 18. Ng5 Nd5 19. Bg1 Rd7 20. f5 Nc7 21. Nxh7
Rxh7 22. fxe6 Rd2 23. Rf2 Rxf2 24. Bxf2 Rh5 25. exf7 Rxe5 26. Bc2 Ne6 27. Rd1
Re2 28. Bf5 Rxf2 29. Bxe6+ Kc7 30. Bxc4 Bxg2+ 31. Kg1 Rxb2 0-1

[Event "La Pobla de Lillet op"]
[Site "La Pobla de Lillet ESP"]
[Date "2013.08.09"]
[Round "8.2"]
[White "Movsziszian, K.."]
[Black "Ayza Ballester, J.."]
[Result "0-1"]
[WhiteElo "2502"]
[BlackElo "2217"]
[PlyCount "40"]
[EventDate "2013.08.02"]
[EventType "swiss"]
[EventRounds "9"]
[EventCountry "ESP"]
[SourceTitle "Ajedrez en Madrid"]
[Source "lmi"]
[SourceDate "2020.06.24"]
[SourceVersion "1"]
[SourceVersionDate "2020.06.25"]
[SourceQuality "1"]

1. g3 c5 2. Bg2 Nc6 3. d3 g6 4. f4 Bg7 5. Nf3 d6 6. O-O e6 7. e4 Nge7 8. c3 f5
9. Be3 O-O 10. a4 Rb8 11. Re1 e5 12. Qb3+ Kh8 13. Ng5 Qe8 14. Na3 h6 15. Ne6
Qf7 16. exf5 gxf5 17. Nxc5 dxc5 18. Qxf7 Rxf7 19. Bxc5 exf4 20. Nb5 Bd7 0-1

[Event "La Pobla de Lillet op"]
[Site "La Pobla de Lillet ESP"]
[Date "2013.08.09"]
[Round "8.3"]
[White "Kovacevic, S.."]
[Black "Sanpera Bonet, JC.."]
[Result "0-1"]
[WhiteElo "2337"]
[BlackElo "2131"]
[PlyCount "150"]
[EventDate "2013.08.02"]
[EventType "swiss"]
[EventRounds "9"]
[EventCountry "ESP"]
[SourceTitle "Ajedrez en Madrid"]
[Source "lmi"]
[SourceDate "2020.06.24"]
[SourceVersion "1"]
[SourceVersionDate "2020.06.25"]
[SourceQuality "1"]

1. d4 d6 2. Nf3 Bg4 3. c4 e5 4. d5 Be7 5. Qb3 b6 6. g3 Nd7 7. Bg2 Nc5 8. Qc2 a5
9. Nc3 f5 10. Nd2 Nf6 11. f3 Bh5 12. Qxf5 Bg6 13. Qh3 O-O 14. O-O Be8 15. Bh1
Bd7 16. Qg2 Qc8 17. g4 Nh5 18. e3 Nf6 19. Qe2 e4 20. Ndxe4 Nfxe4 21. Nxe4 Nxe4
22. fxe4 Rxf1+ 23. Qxf1 Bf6 24. Rb1 Bxg4 25. Bf3 Qd7 26. Qe2 Bxf3 27. Qxf3 Rf8
28. Qg2 Be5 29. Bd2 Qa4 30. Bc3 Bxc3 31. bxc3 Qxc4 32. Qc2 Re8 33. Rf1 Qxe4 34.
Qxe4 Rxe4 35. Kf2 Ra4 36. Ra1 Ra3 37. Ke2 Rxc3 38. Kd2 Ra3 39. h3 Kf7 40. Rc1
Rxa2+ 41. Kd3 Ra3+ 42. Kd4 Ra4+ 43. Kd3 Rh4 44. Rxc7+ Kf6 45. e4 Rxh3+ 46. Kd4
Rb3 47. Rd7 Rb4+ 48. Ke3 a4 49. Rxd6+ Ke7 50. Rc6 a3 51. Rc7+ Kd6 52. Ra7 a2
53. Rxa2 Ke5 54. Ra7 Rxe4+ 55. Kf3 Rf4+ 56. Ke3 Rg4 57. Rb7 Kxd5 58. Rxb6 Ke5
59. Kf3 Rg1 60. Kf2 Rd1 61. Rb7 Kf6 62. Rb6+ Ke7 63. Rb7+ Rd7 64. Rb6 Kf7 65.
Kg3 h6 66. Ra6 g6 67. Kg4 Kg7 68. Ra5 Rb7 69. Ra4 h5+ 70. Kh4 Kh6 71. Ra3 g5+
72. Kh3 h4 73. Ra8 Rb3+ 74. Kg4 Rb4+ 75. Kh3 Rb3+ 0-1

[Event "La Pobla de Lillet op"]
[Site "La Pobla de Lillet ESP"]
[Date "2013.08.09"]
[Round "8.4"]
[White "Mestre Bellido, H.."]
[Black "Vinardell Cruañas, S.."]
[Result "0-1"]
[WhiteElo "2312"]
[BlackElo "2165"]
[PlyCount "92"]
[EventDate "2013.08.02"]
[EventType "swiss"]
[EventRounds "9"]
[EventCountry "ESP"]
[SourceTitle "Ajedrez en Madrid"]
[Source "lmi"]
[SourceDate "2020.06.24"]
[SourceVersion "1"]
[SourceVersionDate "2020.06.25"]
[SourceQuality "1"]

1. e4 c5 2. Nf3 d6 3. d4 cxd4 4. Nxd4 Nf6 5. Nc3 g6 6. Be3 Bg7 7. f3 O-O 8. Qd2
Nc6 9. O-O-O d5 10. Nxc6 bxc6 11. exd5 cxd5 12. Nxd5 Nxd5 13. Qxd5 Qc7 14. Qc5
Qb7 15. Qa3 Bf5 16. Bd3 Rab8 17. b3 Qc6 18. Bxf5 Qc3 19. Bd3 Rbc8 20. Bf2 Rfd8
21. Be1 Qa1+ 22. Kd2 Rxd3+ 23. cxd3 Bh6+ 24. Ke2 Rc2+ 25. Rd2 Bxd2 26. Bxd2
Qxh1 27. Qb4 Qxg2+ 28. Kd1 Rc8 29. Qe4 Qg1+ 30. Be1 Qxh2 31. Bd2 h5 32. Qxe7
Qh1+ 33. Ke2 Qg2+ 34. Ke3 Qh2 35. Bb4 Qc7 36. Qe4 Qc6 37. Qf4 Qb6+ 38. Ke2 Re8+
39. Kd1 Qf2 40. Bc3 Qe2+ 41. Kc1 Qe3+ 42. Qxe3 Rxe3 43. Bd4 Re2 44. Bxa7 Rxa2
45. Bb8 Kf8 46. Kb1 Rg2 0-1

[Event "La Pobla de Lillet op"]
[Site "La Pobla de Lillet ESP"]
[Date "2013.08.09"]
[Round "8.5"]
[White "Maes, W.."]
[Black "Travesset Barba, J.."]
[Result "1-0"]
[WhiteElo "2264"]
[BlackElo "2074"]
[PlyCount "89"]
[EventDate "2013.08.02"]
[EventType "swiss"]
[EventRounds "9"]
[EventCountry "ESP"]
[SourceTitle "Ajedrez en Madrid"]
[Source "lmi"]
[SourceDate "2020.06.24"]
[SourceVersion "1"]
[SourceVersionDate "2020.06.25"]
[SourceQuality "1"]

1. g3 d5 2. Bg2 Nf6 3. Nf3 g6 4. O-O Bg7 5. d3 O-O 6. Nbd2 c6 7. e4 dxe4 8.
dxe4 Bg4 9. h3 Bxf3 10. Qxf3 Nbd7 11. Qe2 e5 12. a4 Qc7 13. Nb3 Rad8 14. Be3 b6
15. a5 Rfe8 16. Qa6 Bf8 17. Rfd1 Rb8 18. axb6 axb6 19. Ra2 Ra8 20. Qxa8 Rxa8
21. Rxa8 Kg7 22. Rda1 Qd6 23. Bf3 Qb4 24. Bg2 Qc4 25. Rc1 Nxe4 26. Rc8 c5 27.
Rc7 Nef6 28. g4 Bd6 29. Rb7 Qe6 30. Nd2 e4 31. g5 Nd5 32. Nxe4 Nxe3 33. fxe3
Be5 34. Rd1 Nf8 35. Nf2 Bxb2 36. Bd5 Qd6 37. Rxf7+ Kh8 38. Bg2 Qb8 39. Ne4 Qe8
40. Ra7 Bg7 41. Kh1 Qb8 42. Re7 h6 43. gxh6 Bxh6 44. Nd6 Bg7 45. Rb7 1-0